Un modelo de organización colectiva para la subjetivacion política/ (Record no. 1981)

MARC details
000 -LEADER
campo de control de longitud fija 00826nam a22002057a 4500
003 - IDENTIFICADOR DE NÚMERO DE CONTROL
campo de control OSt
005 - FECHA Y HORA DE LA ÚLTIMA TRANSACCIÓN
campo de control 20220909180208.0
008 - DATOS DE LONGITUD FIJA--INFORMACIÓN GENERAL
campo de control de longitud fija 220909b |||||||| |||| 00| 0 eng d
020 ## - NÚMERO INTERNACIONAL ESTÁNDAR DEL LIBRO
Número Internacional Estándar del Libro 978-607-97605-7-1
040 ## - FUENTE DE CATALOGACIÓN
Centro/agencia transcriptor Biblioteca Lado V
082 ## - NÚMERO DE LA CLASIFICACIÓN DECIMAL DEWEY
Número de clasificación 070.41
Número de ítem P896u
100 ## - ENTRADA PRINCIPAL--NOMBRE DE PERSONA
Nombre de persona Pradilla, Nicolas
245 ## - MENCIÓN DEL TÍTULO
Título Un modelo de organización colectiva para la subjetivacion política/
Resto del título El manual del editor con huaraches y los seminarios de labor editorial en escuelas normales rurales en México/
260 ## - PUBLICACIÓN, DISTRIBUCIÓN, ETC.
Lugar de publicación, distribución, etc. Mexico
Nombre del editor, distribuidor, etc. Taller de ediciones económicas
Fecha de publicación, distribución, etc. 2019
300 ## - DESCRIPCIÓN FÍSICA
Extensión 134p.
Dimensiones 11x19cm
648 ## - PUNTO DE ACCESO ADICIONAL DE MATERIA--TÉRMINO CRONOLÓGICO
Fuente del encabezamiento o término Tesauro de Arte & Arquitectura
Término cronológico EDITORIAL
650 ## - PUNTO DE ACCESO ADICIONAL DE MATERIA--TÉRMINO DE MATERIA
Fuente del encabezamiento o término Tesauro de Arte & Arquitectura
Término de materia o nombre geográfico como elemento de entrada NUEVAS PERSPECTIVAS
650 ## - PUNTO DE ACCESO ADICIONAL DE MATERIA--TÉRMINO DE MATERIA
Fuente del encabezamiento o término Tesauro de Arte & Arquitectura
Término de materia o nombre geográfico como elemento de entrada CRITICA
942 ## - ELEMENTOS DE ENTRADA SECUNDARIOS (KOHA)
Fuente del sistema de clasificación o colocación Clasificación Decimal Dewey
Tipo de ítem Koha Libros
Parte de la signatura que corresponde a la clasificación (Parte de la clasificación) 070.41
Parte de la signatura que identifica el ejemplar (Parte del ítem) P896u
Suprimir en OPAC No
Holdings
Estatus retirado Estado de pérdida Fuente del sistema de clasificación o colocación Estado de daño No para préstamo Biblioteca de origen Biblioteca actual Fecha de adquisición Número de inventario Total de préstamos Signatura topográfica completa Visto por última vez Precio de reemplazo Tipo de ítem Koha
    Clasificación Decimal Dewey     Biblioteca LadoV Biblioteca LadoV 09/09/2022 004857   070.41 P896u 09/09/2022 09/09/2022 Libros